| 000 | 00593nam a22002057a 4500 | ||
|---|---|---|---|
| 003 | PILC | ||
| 005 | 20151021125957.0 | ||
| 008 | 130927t xxu||||| |||| 00| 0 eng d | ||
| 020 | _a9780746020142 | ||
| 050 |
_aLB 1057 _b.M158 1995 |
||
| 082 |
_aLB 1057 _b.M158 1995 |
||
| 100 |
_aMackintosh, Nicholas _922023 |
||
| 245 |
_aUnderstanding your brain : _cNicholas Mackintosh |
||
| 260 |
_aEngland : _bUsborne Publishing Ltd, _cc1995. |
||
| 300 |
_a32 p. : _bcol. ill., _c28 cm. |
||
| 650 |
_aBrain _99870 |
||
| 650 |
_aCentral Nervous System _915915 |
||
| 942 |
_2lcc _cBK |
||
| 999 |
_c12221 _d12221 |
||